000
00297nam a22001337a 4500
008
170619b xxu||||| |||| 00| 0 eng d
020
_a
0253142008
041
_a
eng
080
_a
94
100
_a
16
101
_a
SHH
245
_a
INSIDE THE IRANIAN REVOLUTION
_c
STEMPEL,J.D
942
_2
udc
_c
BK
999
_c
18114
_d
18114